Reflexiones locales acerca de lo Queer /
Salvato in:
| Autore principale: | |
|---|---|
| Natura: | testo |
| Lingua: | Spanish |
| Pubblicazione: |
México, D.F.:
Universidad Nacional Autónoma de México. Programa Universitario de Estudios de Género
|
| Soggetti: | |
| Tags: |
Aggiungi Tag
Nessun Tag, puoi essere il primo ad aggiungerne!!
|
MARC
| LEADER | 00000 a a2200000 04500 | ||
|---|---|---|---|
| 001 | 35623 | ||
| 003 | cru CIDCACS/IIS | ||
| 005 | 20200925160720.0 | ||
| 008 | 170526b xxu||||| |||| 00| 0 spa d | ||
| 020 | |a 970-701-542-X | ||
| 040 | |c CRAI/IIS |a CRAI/IIS | ||
| 090 | |a 05.03.01 C271s | ||
| 100 | 1 | |a Moreno, Hortensia |9 4907 | |
| 245 | |a Reflexiones locales acerca de lo Queer / |c Hortensia Moreno | ||
| 260 | |a México, D.F.: |b Universidad Nacional Autónoma de México. Programa Universitario de Estudios de Género | ||
| 300 | |a Páginas 295-316 | ||
| 650 | |a SEXUALIDAD | ||
| 650 | |a ANTROPOLOGIA | ||
| 650 | |a TEORIA | ||
| 650 | |a MEXICO | ||
| 942 | |2 ddc |c LI | ||
| 773 | 0 | |0 406 |9 988 |a Careaga Pérez, Gloria |d México, D.F.: Universidad Nacional Autónoma de México. Programa Universitario de Estudios de Género |o 03450 |t Sexualidades diversas : |w (cru CIDCACS/IIS)35620 |x 970-701-542-X |z 970-701-542-X | |
| 999 | |c 17111 |d 17111 | ||



